00695nam a2200217 a 450000100060000000300080000600500170001400800410003103500190007204000310009104100110012208200220013310000340015524501080018926000420029730000330033949000330037250000190040565000210042483000320044572322BD-RjUL20211209082239.0170516s1959 caua 001 0 eng  a(BD-RjUL)72539 aDLC/ICUcICUdBD-RjULbeng1 aengdut00a548223bJOG 19591 aJong, Wieger Fokke de,d1896-10aGeneral crystallography :ba brief compendium /cW. F. de Jong and With the collaboration of J. Bouman. aSan Francisco :bW.H. Freeman,c1959. aix, 281 p. :bill. ;c23 cm.1 aA Series of books in geology aIncludes index 0aCrystallography. 0aSeries of books in geology.